000 00843nam a2200289Ia 4500
003 OSt
005 20220928111208.0
006 a|||||r|||| 00| 0
007 ta
008 220927b |||||||| |||| 00| 0 eng d
020 _c390
024 _a99602
037 _b43, 28/09/2009, Better Book Service
_cTextual
040 _aSDCL
_cSDCL
_beng
041 _2eng
_aeng
082 _aX:8, N5
100 _aStoner James A F
_9422371
245 0 _aManagement. 6 ed
250 _a6
260 _aNew Delhi
_bPearson Education
_c1995
300 _a654p
_ccm.
650 _aCommerce
_9353036
700 _a Freeman R Edward
_9422372
700 _a Gilbert Daniel R
_9422373
942 _hX:8, N5
_cTEXL
_2CC
999 _c738790
_d738790